The running and maintenance of marine machinery (Record no. 27298)

000 -LEADER
fixed length control field 00395nam a22001337a 4500
008 - FIXED-LENGTH DATA ELEMENTS--GENERAL INFORMATION
fixed length control field 240104b ||||| |||| 00| 0 eng d
082 00 - DEWEY DECIMAL CLASSIFICATION NUMBER
Classification number 623.87
Item number I325
110 ## - MAIN ENTRY--CORPORATE NAME
9 (RLIN) 5626
Corporate name or jurisdiction name as entry element The Institute of Marine Engineers
245 10 - TITLE STATEMENT
Title The running and maintenance of marine machinery
260 ## - PUBLICATION, DISTRIBUTION, ETC. (IMPRINT)
Place of publication, distribution, etc London
Name of publisher, distributor, etc The Institute of Marine Engineers
Date of publication, distribution, etc 1965
300 ## - PHYSICAL DESCRIPTION
Extent 288 p
650 #0 - SUBJECT ADDED ENTRY--TOPICAL TERM
Topical term or geographic name as entry element Marine machinery
942 ## - ADDED ENTRY ELEMENTS (KOHA)
Item type Books
Holdings
Withdrawn status Lost status Source of classification or shelving scheme Damaged status Not for loan Permanent location Current location Date acquired Source of acquisition Full call number Barcode Date last seen Koha item type
          IMU Kolkata IMU Kolkata 2024-01-04 Donated by S Barua 623.87 I325 G01276 2024-01-04 Books
Designed and Maintained by IMU-KC Library, Kolkata Campus © Copyright All Rights Reserved

webs counters

Powered by Koha